000 00314nam a22001337a 4500
008 171104b xxu||||| |||| 00| 0 eng d
020 _a9781582974026
041 _aeng
080 _a339.138
100 _a61
101 _aSHTJ
245 _aCHILDREN'S WRITER'S & ILLUSTRATOR'S MARKET
_cPOPE, A
942 _2udc
_cBK
999 _c37591
_d37591